000 00498nam a2200217Ia 4500
005 20260320201600.0
008 008 262003s9999 xx 000 0 eng d
037 _aEBOOK
040 _aCRL
040 _beng
040 _cCRL
041 _2eng
041 _aeng
084 _qCRL
245 0 _aAdvanced Polymeric Materials
260 _bIEEE
856 _uhttps://ieeexplore.ieee.org/servlet/opac?bknumber=9218786
942 _cEBOOK
999 _c1722185
_d1722185